ბათუმის შოთა რუსთაველის სახელმწიფო უნივერსიტეტის ბიბლიოთეკა

ძველი ციხე ჭოროხის შესართავთან / (ბიბ.ჩანაწერი № 40695)

000 -ლიდერი
ფიქსირებული სიგრძის საკონტროლო ველი 01126nam a2200217Ia 4500
001 - საკონტროლო ნომერი
საკონტროლო ველი 7330
003 - საკონტროლო ნომრის იდენტიფიკატორი
საკონტროლო ველი GE_BSU
005 - ბოლო ოპერაციის თარიღი და დრო
საკონტროლო ველი 20250131113215.0
008 - ფიქსირებული სიგრძის მონაცემთა ელემენტები - ზოგადი ინფორმაცია
ფიქსირებული სიგრძის საკონტროლო ველი 181216s2012||||ge |||||||||||||| ||geo||
040 ## - კატალოგიზაციის წყარო
Transcribing agency GE_BSU
041 ## - ენის კოდი
Language code of text/sound track or separate title geo
080 ## - უნივერსალური ათობითი კლასიფიკაციის ინდექსი
Universal Decimal Classification number 725.182(479.223) უ-71
100 ## - მთავარი ჩანაწერი - პიროვნების სახელი
Personal name უსპენსკი, ფ. ი.
9 (RLIN) 24205
245 ## - ცნობა სათაურის შესახებ
Title ძველი ციხე ჭოროხის შესართავთან /
Statement of responsibility, etc ფ.ი. უსპენსკი,თარგმ. გამოსაც. მოამზადა, ავტორის ბიოგრაფია და საძიებელი დაურთო რამაზ სურმანიძემ, რედ. შოთა მამულაძე.
264 ## - წარმოების, გამოცემის, დისტრიბუციის და სხვა ცნობები
გამოცემის, წარმოების, დისტრიბუციის... ადგილი ბათუმი,
გამოცემის, წარმოების, დისტრიბუციის... თარიღი 2012.
300 ## - ფიზიკური აღწერა
Extent 30 გვ.;
Other physical details 18 სმ.
440 ## - სერიის ცნობა / დამატებულია ჩანაწერი - სათაური
Title სერია: "აჭარა უცხოელთა თვალით".
9 (RLIN) 1698
653 ## - INDEX TERM--UNCONTROLLED
Uncontrolled term ძველი ციხე ჭოროხის შესართავთან.
700 ## - ADDED ENTRY--PERSONAL NAME
Personal name მამულაძე, შოთა
Relator term რედაქტორი
9 (RLIN) 1483
942 ## - ADDED ENTRY ELEMENTS (KOHA)
Koha item type წიგნი
Source of classification or shelving scheme
ეგზემპლარები
ჩამოწერის სტატუსი დაკარგული ეგზემპლარის სტატუსი კლასიფიკაციის წყარო ან თაროზე გაწყობის სქემა დაზიანების სტატუსი არ გაიცემა მუდმივი მდებარეობა (დაცვის ადგილი) ამჟამინდელი ადგილსამყოფელი თაროზე განთავსების ადგილი შეძენის თარიღი ღირებულება, შესყიდვის ნორმალური ფასი სრული შენახვის შიფრი შტრიხკოდი ბოლო ოპერაციის თარიღი ეგზემპლარის მიმდევრობითი ნომერი (კეტერი?) ფასის ძალაში შესვლის თარიღი ეგზემპლარის სახეობა საჯარო შენიშვნა Uniform Resource Identifier
          ბათუმის შოთა რუსთაველის სახელმწიფო უნივერსიტეტის მთავარი ბიბლიოთეკა ბათუმის შოთა რუსთაველის სახელმწიფო უნივერსიტეტის მთავარი ბიბლიოთეკა წიგნსაცავი 2018-12-17 4.00 725.182(479.223) უ-71 18687 2018-12-17 18687 2018-12-17 წიგნი 4.00  
          ბათუმის შოთა რუსთაველის სახელმწიფო უნივერსიტეტის მთავარი ბიბლიოთეკა ბათუმის შოთა რუსთაველის სახელმწიფო უნივერსიტეტის მთავარი ბიბლიოთეკა წიგნსაცავი 2025-01-31 4.00 725.182(479.223) უ-71 70525 2025-01-31 70525 2025-01-31 წიგნი 4.00 ნაჩუქარი